The basic book of sewing / (Record no. 134152)

MARC details
000 -LEADER
fixed length control field 00624nam a22002297a 4500
005 - DATE AND TIME OF LATEST TRANSACTION
control field 20170124110221.0
010 ## - LIBRARY OF CONGRESS CONTROL NUMBER
LC control number 794706
020 ## - INTERNATIONAL STANDARD BOOK NUMBER
Terms of availability 00.00
International Standard Book Number 0706403525
035 ## - SYSTEM CONTROL NUMBER
System control number 794706
037 ## - SOURCE OF ACQUISITION
Source of stock number/acquisition Cen Lib/Ret
040 ## - CATALOGING SOURCE
Original cataloging agency DPL
Language of cataloging EN
082 ## - DEWEY DECIMAL CLASSIFICATION NUMBER
Classification number 646.2
Item number HAR
100 ## - MAIN ENTRY--PERSONAL NAME
Personal name Harlow, Eve
9 (RLIN) 39938
245 ## - TITLE STATEMENT
Title The basic book of sewing /
Statement of responsibility, etc by Eve Harlow
260 ## - PUBLICATION, DISTRIBUTION, ETC. (IMPRINT)
Place of publication, distribution, etc London
Name of publisher, distributor, etc Octopus Books
Date of publication, distribution, etc 1973
270 ## - ADDRESS
City London
Address 59, grosvenor street
300 ## - PHYSICAL DESCRIPTION
Extent 125p.:
Dimensions 21cm(Hb)
Other physical details ill.
500 ## - GENERAL NOTE
General note Includes index
650 ## - SUBJECT ADDED ENTRY--TOPICAL TERM
Topical term or geographic name as entry element Sewing
9 (RLIN) 39939
650 ## - SUBJECT ADDED ENTRY--TOPICAL TERM
Topical term or geographic name as entry element Tailoring
9 (RLIN) 32586
942 ## - ADDED ENTRY ELEMENTS (KOHA)
Source of classification or shelving scheme Dewey Decimal Classification
Koha item type English Books
Classification part 646.2
Call number suffix HAR
Holdings
Withdrawn status Lost status Damaged status Not for loan Collection code Home library Current library Date acquired Source of acquisition Cost, normal purchase price Total Checkouts Full call number Barcode Date last seen Copy number Cost, replacement price Price effective from Koha item type
      Not For Loan Reference Central Library Central Library 29/07/2015 Cen Lib/Ret 0.00   646.2 HAR 794706 29/07/2015 1 0.00 29/07/2015 English Books

© Delhi Public Library
Hit Counter
free hit counter